000 00467nam a2200181Ia 4500
001 16707
005 20260306170330.0
008 260306t1964||||xx |||||||||||||| ||und||
041 _aESP
082 _a349.6L
_bA179 V. 1
100 _aArvizu y Aguado, Fernando
_eAUT
245 0 _aLas donaciones inter-vivos en el derecho civil de Navarra
260 _c1964
300 _a313 páginas :
_c21 cm.
650 _aGEN
654 _aCDE
942 _cLIB
_dJUS
_fJUS
_2ddc
_n
999 _c16707
_d16707